Normal view
MARC view
- Carolan, K.
Entry Personal Name
001 - CONTROL NUMBER
- control field: 59059
003 - CONTROL NUMBER IDENTIFIER
- control field: OSt
005 - DATE AND TIME OF LATEST TRANSACTION
- control field: 20240827165708.0
008 - FIXED-LENGTH DATA ELEMENTS
- fixed length control field: 240827|| aca||aabn | a|a d
040 ## - CATALOGING SOURCE
- Original cataloging agency: OSt
- Transcribing agency: OSt
100 ## - HEADING--PERSONAL NAME
- Personal name: Carolan, K.
- Relator term: author.
670 ## - SOURCE DATA FOUND
- Source citation: Work cat.: (OSt): Carolan, K. author., Simfection :, April 2019.
